000
00266nam a2200109Ia 4500
008
231212s1984 xx 000 0 und d
041
_a
eng
082
_a
1.64
100
_a
Grob Bernard
245
_a
Basic Television & Video System
260
_a
Delhi
_b
Wiley E
_c
1984
999
_c
959895
_d
959895